[Event "20. Torneo San Viator 2013"]
[Site "Madrid ESP"]
[Date "2013.05.12"]
[Round "5.1"]
[White "Renteria, Jorge"]
[Black "Solaesa Navalpotro, Luis Julio"]
[Result "1-0"]
[WhiteElo "2300"]
[BlackElo "2249"]
[PlyCount "45"]
[EventDate "2013.04.07"]
[EventType "swiss"]
[EventRounds "9"]
[EventCountry "ESP"]
[Source "lmi"]
[SourceDate "2013.04.07"]

1. e4 c6 2. d4 d5 3. e5 Bf5 4. h4 h5 5. Bg5 Qb6 6. Bd3 Bxd3 7. Qxd3 e6 8. Nd2
Ne7 9. Ne2 Nd7 10. O-O Nf5 11. c4 dxc4 12. Nxc4 Qc7 13. Ng3 Nxg3 14. fxg3 Nb6
15. Nd2 c5 16. Rf3 Qd7 17. Raf1 cxd4 18. Rxf7 Qxf7 19. Rxf7 Kxf7 20. Qf3+ Kg8
21. Qxb7 Kh7 22. Qf3 Bb4 23. Ne4 1-0

[Event "20. Torneo San Viator 2013"]
[Site "Madrid ESP"]
[Date "2013.05.12"]
[Round "5.2"]
[White "Unciti Juan, Javier"]
[Black "Cabanas Bravo, Juan Andres"]
[Result "0-1"]
[WhiteElo "2196"]
[BlackElo "2103"]
[PlyCount "56"]
[EventDate "2013.04.07"]
[EventType "swiss"]
[EventRounds "9"]
[EventCountry "ESP"]
[Source "lmi"]
[SourceDate "2013.04.07"]

1. e4 e5 2. d4 exd4 3. Nf3 Nc6 4. Bc4 Bc5 5. O-O Nf6 6. e5 d5 7. exf6 dxc4 8.
Re1+ Be6 9. Ng5 Qd5 10. Nc3 Qf5 11. Nce4 O-O-O 12. Nxe6 fxe6 13. fxg7 Rhg8 14.
Bh6 Bb6 15. g4 Qg6 16. g5 d3 17. c3 Qf5 18. Kg2 Ne5 19. f3 Ng6 20. Rf1 Nf4+ 21.
Kg3 Qh3+ 22. Kxf4 e5+ 23. Kxe5 Be3 24. Kf6 Rde8 25. Nc5 Bxc5 26. Re1 Be3 27.
Rxe3 Rxe3 28. g6 Qxh6 0-1

[Event "20. Torneo San Viator 2013"]
[Site "Madrid ESP"]
[Date "2013.05.12"]
[Round "5.3"]
[White "Gonzalez Mateos, Rafael"]
[Black "Gomez Dorado, Ernesto"]
[Result "1-0"]
[WhiteElo "2110"]
[BlackElo "1769"]
[PlyCount "58"]
[EventDate "2013.04.07"]
[EventType "swiss"]
[EventRounds "9"]
[EventCountry "ESP"]
[Source "lmi"]
[SourceDate "2013.04.07"]

1. d4 Nf6 2. c3 g6 3. Bg5 Bg7 4. Nd2 O-O 5. e4 d6 6. f4 d5 7. e5 Ng4 8. f5 Bxf5
9. h3 Nh6 10. Qb3 b6 11. Ngf3 f6 12. Bf4 Nf7 13. O-O-O c5 14. dxc5 fxe5 15. Be3
d4 16. Bc4 dxe3 17. Bxf7+ Rxf7 18. Nc4 Qc7 19. Ng5 e2 20. Rd2 Bh6 21. Nxe5 e6
22. Nexf7 Qxf7 23. Nxf7 Kxf7 24. Re1 Nc6 25. Rexe2 Na5 26. Qb5 Rd8 27. Kd1 Bxd2
28. Rxd2 Rd5 29. Rxd5 exd5 1-0

[Event "20. Torneo San Viator 2013"]
[Site "Madrid ESP"]
[Date "2013.05.12"]
[Round "5.4"]
[White "Gutierrez Mordini, Pablo"]
[Black "Iturbide Arnedo, Oscar"]
[Result "0-1"]
[WhiteElo "1696"]
[BlackElo "2151"]
[PlyCount "68"]
[EventDate "2013.04.07"]
[EventType "swiss"]
[EventRounds "9"]
[EventCountry "ESP"]
[Source "lmi"]
[SourceDate "2013.04.07"]

1. d4 g6 2. Nf3 Bg7 3. c4 d6 4. Nc3 Nf6 5. e4 O-O 6. Be2 e5 7. d5 a5 8. O-O Na6
9. Ne1 Nd7 10. Be3 f5 11. f3 f4 12. Bf2 g5 13. Nd3 Rf6 14. a3 Rh6 15. b4 Qe8
16. Kh1 Qh5 17. Bg1 Nf6 18. Nf2 Qh4 19. Ng4 Nxg4 20. fxg4 Rf6 21. c5 Bf8 22.
Bf2 Qh6 23. Bxa6 Rxa6 24. Qf3 Qg7 25. b5 Ra8 26. c6 b6 27. a4 h5 28. h3 Rh6 29.
Kg1 hxg4 30. hxg4 Qh7 31. g3 Rh2 32. Be1 Bxg4 33. Rf2 Bxf3 34. Rxh2 Qg6 0-1

[Event "20. Torneo San Viator 2013"]
[Site "Madrid ESP"]
[Date "2013.05.12"]
[Round "5.5"]
[White "Garcia Sanjuan, Jose"]
[Black "Julian Serra, Rogelio"]
[Result "1/2-1/2"]
[WhiteElo "1877"]
[BlackElo "2014"]
[PlyCount "129"]
[EventDate "2013.04.07"]
[EventType "swiss"]
[EventRounds "9"]
[EventCountry "ESP"]
[Source "lmi"]
[SourceDate "2013.04.07"]

1. b3 e5 2. Bb2 Nc6 3. e3 d5 4. Bb5 Bd6 5. d4 e4 6. c4 a6 7. Ba4 Bd7 8. a3 Qg5
9. g3 Nf6 10. cxd5 Nxd5 11. Bxc6 Bxc6 12. Nd2 Nf6 13. Nc4 Rd8 14. Nh3 Qf5 15.
Nf4 O-O 16. h4 Rfe8 17. Rg1 Ng4 18. Rg2 h5 19. Qc2 Bxf4 20. gxf4 Bd5 21. O-O-O
Re6 22. Kb1 Rc6 23. Qe2 Rg6 24. Rdg1 Bc6 25. Ne5 Nxe5 26. dxe5 Rxg2 27. Rxg2
Bb5 28. Qe1 Qe6 29. Qc3 Rd1+ 30. Bc1 Rd3 31. Qxc7 Rxb3+ 32. Ka1 Bd3 33. Bb2 Kh7
34. Rg5 Qb6 35. Rxh5+ Kg6 36. Rg5+ Kh7 37. Qxb6 Rxb6 38. e6 f6 39. Rc5 Rxe6 40.
Rc7 Rb6 41. Bd4 Rb1+ 42. Ka2 b5 43. Bxf6 Kg6 44. Bxg7 Rf1 45. Bd4 Rxf2+ 46. Kb3
a5 47. Bb6 Re2 48. Rc5 a4+ 49. Kb4 Rb2+ 50. Ka5 Rb3 51. Rg5+ Kh6 52. Bc5 Rb1
53. Bf8+ Kh7 54. h5 Re1 55. Rg3 Rf1 56. Bc5 Rh1 57. Rg5 Be2 58. Re5 Rxh5 59.
Rxh5+ Bxh5 60. Kxb5 Bd1 61. Kc4 Kg6 62. Bd4 Kf5 63. Kc3 Bb3 64. Be5 Bd1 65. Kd4
1/2-1/2

[Event "20. Torneo San Viator 2013"]
[Site "Madrid ESP"]
[Date "2013.05.12"]
[Round "5.6"]
[White "Ore Leon, Gustavo"]
[Black "Martin Hernandez, Vicente"]
[Result "1/2-1/2"]
[WhiteElo "1856"]
[BlackElo "2005"]
[PlyCount "65"]
[EventDate "2013.04.07"]
[EventType "swiss"]
[EventRounds "9"]
[EventCountry "ESP"]
[Source "lmi"]
[SourceDate "2013.04.07"]

1. e4 c5 2. Nf3 d6 3. d4 cxd4 4. Nxd4 Nf6 5. Nc3 a6 6. Bg5 e6 7. f4 Be7 8. Qf3
Qc7 9. O-O-O Nc6 10. Nb3 O-O 11. Be2 h6 12. h4 b5 13. g4 Bb7 14. Bxf6 Bxf6 15.
g5 Bxc3 16. Qxc3 e5 17. f5 Kh7 18. f6 gxf6 19. Bg4 Bc8 20. Qf3 Rg8 21. Qxf6 Rg6
22. Bf5 Bxf5 23. Qxf5 Kg8 24. Rhg1 Qc8 25. Qf2 Qe6 26. Qb6 Nb4 27. Kb1 Qc4 28.
Rxd6 Qxc2+ 29. Ka1 Qxe4 30. Rxg6+ Qxg6 31. gxh6 Nc2+ 32. Kb1 Na3+ 33. Ka1
1/2-1/2

[Event "20. Torneo San Viator 2013"]
[Site "Madrid ESP"]
[Date "2013.05.12"]
[Round "5.7"]
[White "Garcia Carcedo, Jesus"]
[Black "Garcia-Ruiz Fuentes, Angel M"]
[Result "0-1"]
[WhiteElo "1808"]
[BlackElo "1952"]
[PlyCount "88"]
[EventDate "2013.04.07"]
[EventType "swiss"]
[EventRounds "9"]
[EventCountry "ESP"]
[Source "lmi"]
[SourceDate "2013.04.07"]

1. d4 Nf6 2. Nf3 g6 3. Bf4 Bg7 4. e3 d6 5. h3 O-O 6. Be2 c5 7. c3 Be6 8. O-O
Qb6 9. Qc1 Nc6 10. dxc5 Qxc5 11. Nbd2 h6 12. Nb3 Qb6 13. Nbd4 Bd7 14. Nxc6 bxc6
15. Rb1 Bf5 16. Ra1 Rab8 17. Nd4 Bd7 18. Nb3 a5 19. Bc4 a4 20. Nd2 Qxb2 21. Rb1
Qxc1 22. Rfxc1 Bf5 23. Rb4 Nd5 24. Bxd5 cxd5 25. Rxa4 Ra8 26. Rb4 Rxa2 27. Nb1
Rc8 28. f3 Rc2 29. e4 Rxc1+ 30. Bxc1 dxe4 31. fxe4 Be6 32. Bd2 g5 33. Kf2 Ba2
34. Ke2 Bc4+ 35. Ke3 Be5 36. Be1 Kg7 37. g3 Be6 38. h4 f5 39. hxg5 hxg5 40. Kd3
fxe4+ 41. Kxe4 Kf6 42. Ke3 Bf5 43. g4 Bxb1 44. Rxb1 Bxc3 0-1

[Event "20. Torneo San Viator 2013"]
[Site "Madrid ESP"]
[Date "2013.05.12"]
[Round "5.8"]
[White "Tipter, Napoleon"]
[Black "Rosa Ramirez, Victor D"]
[Result "1/2-1/2"]
[WhiteElo "1964"]
[BlackElo "1945"]
[PlyCount "75"]
[EventDate "2013.04.07"]
[EventType "swiss"]
[EventRounds "9"]
[EventCountry "ESP"]
[Source "lmi"]
[SourceDate "2013.04.07"]

1. d4 d5 2. Nf3 e6 3. e3 c6 4. Ne5 Nd7 5. f4 Nxe5 6. fxe5 Qh4+ 7. g3 Qe4 8. Rg1
Qg6 9. Bd3 Qh6 10. Qf3 f5 11. Nc3 Bb4 12. a3 Ba5 13. b4 Bb6 14. Ne2 Ne7 15. c4
Bd7 16. c5 Bc7 17. a4 b6 18. h4 bxc5 19. bxc5 Rb8 20. Rb1 Ba5+ 21. Bd2 Bxd2+
22. Kxd2 O-O 23. Rxb8 Rxb8 24. Rb1 Rxb1 25. Bxb1 Qg6 26. Qf1 Qe8 27. Bd3 Qb8
28. Qb1 Qxb1 29. Bxb1 h6 30. Kc3 g5 31. hxg5 hxg5 32. Kb4 Kf7 33. Ka5 Bc8 34.
Bd3 Ke8 35. Ng1 g4 36. Ne2 Ng6 37. Nf4 Nxf4 38. exf4 1/2-1/2

[Event "20. Torneo San Viator 2013"]
[Site "Madrid ESP"]
[Date "2013.05.12"]
[Round "5.9"]
[White "Camarero Izquierdo, Juan Carlos"]
[Black "Hernandez Mateo, Borja"]
[Result "0-1"]
[WhiteElo "1934"]
[BlackElo "1789"]
[PlyCount "106"]
[EventDate "2013.04.07"]
[EventType "swiss"]
[EventRounds "9"]
[EventCountry "ESP"]
[Source "lmi"]
[SourceDate "2013.04.07"]

1. d4 d5 2. Nc3 Nf6 3. Bg5 Nbd7 4. Nf3 g6 5. Qd2 Ne4 6. Qe3 Nxg5 7. Nxg5 Nf6 8.
f4 Bg7 9. O-O-O Qd6 10. Qe5 Qc6 11. e4 Nh5 12. Qxd5 Qf6 13. g3 h6 14. e5 Qf5
15. Bd3 Nxf4 16. Bxf5 Nxd5 17. Nxd5 Bxf5 18. Nxc7+ Kd7 19. Nxa8 hxg5 20. h3
Rxa8 21. g4 Be4 22. Rhe1 Bd5 23. b3 b5 24. Kb2 e6 25. Rf1 Ke8 26. Rf2 Rc8 27.
Rdf1 Rc7 28. c3 a5 29. a3 Bf8 30. Rc1 Be7 31. a4 bxa4 32. c4 a3+ 33. Kc3 Bb4+
34. Kd3 Bc6 35. Rfc2 a4 36. bxa4 Bxa4 37. Rf2 Bb3 38. c5 a2 39. Ra1 Bd5 40. Rb2
Ba3 41. Rb8+ Ke7 42. Kc3 Ra7 43. Rb6 Bc1 44. c6 Be3 45. Kd3 Ra3+ 46. Kc2 Bxd4
47. Rb7+ Kd8 48. Rb2 Bxb2 49. Kxb2 Rb3+ 50. Kxa2 Rb5+ 51. Ka3 Ra5+ 52. Kb2 Rxa1
53. Kxa1 Bg2 0-1

[Event "20. Torneo San Viator 2013"]
[Site "Madrid ESP"]
[Date "2013.05.12"]
[Round "5.11"]
[White "Villanueva Ortega, Ruben"]
[Black "Bermejo Redondo, Oscar"]
[Result "1-0"]
[WhiteElo "1610"]
[BlackElo "1896"]
[PlyCount "135"]
[EventDate "2013.04.07"]
[EventType "swiss"]
[EventRounds "9"]
[EventCountry "ESP"]
[Source "lmi"]
[SourceDate "2013.04.07"]

1. e4 c5 2. Nc3 d6 3. g3 Nc6 4. Bg2 Nf6 5. h3 g6 6. d3 Bg7 7. Be3 Bd7 8. Qd2 b5
9. Rb1 Rb8 10. Nge2 h5 11. O-O Qc8 12. h4 Ne5 13. Nd5 Bh3 14. Nxf6+ Bxf6 15. f4
Bxg2 16. Kxg2 Ng4 17. Bg1 O-O 18. f5 e5 19. Nc3 b4 20. Nd5 Kg7 21. Rf3 Qd8 22.
Rbf1 Kh7 23. Nxf6+ Qxf6 24. fxg6+ Qxg6 25. Rf5 f6 26. Be3 Nxe3+ 27. Qxe3 Kg7
28. Qf3 Qg4 29. Rxh5 Qxf3+ 30. Rxf3 a5 31. g4 a4 32. g5 b3 33. cxb3 axb3 34. a3
Rbc8 35. gxf6+ Rxf6 36. Rxf6 Kxf6 37. Rh6+ Ke7 38. Rh7+ Ke6 39. Rb7 c4 40. dxc4
Rxc4 41. Kf3 Rc1 42. Rxb3 Rh1 43. Kg3 Rg1+ 44. Kh3 Rh1+ 45. Kg4 Rg1+ 46. Kf3
Rh1 47. Ke2 Rxh4 48. Kd3 Rh3+ 49. Kc4 Rh4 50. Kd3 Kd7 51. Rc3 Rh1 52. Kc4 Rh2
53. b4 Re2 54. Kd3 Re1 55. b5 Rd1+ 56. Kc2 Rh1 57. b6 Rh2+ 58. Kb3 Rh1 59. Ka4
Rh8 60. Kb5 Rh1 61. Ka6 d5 62. exd5 Rh6 63. a4 e4 64. a5 Rh8 65. b7 e3 66. Ka7
Re8 67. b8=Q e2 68. Qxe8+ 1-0

[Event "20. Torneo San Viator 2013"]
[Site "Madrid ESP"]
[Date "2013.05.12"]
[Round "5.12"]
[White "Insua Rodriguez, Antonio"]
[Black "Sotoca Aguado, Jose"]
[Result "0-1"]
[WhiteElo "1576"]
[BlackElo "1976"]
[PlyCount "66"]
[EventDate "2013.04.07"]
[EventType "swiss"]
[EventRounds "9"]
[EventCountry "ESP"]
[Source "lmi"]
[SourceDate "2013.04.07"]

1. Nc3 d5 2. e4 d4 3. Nce2 c5 4. Ng3 e5 5. Nf3 Bd6 6. Bb5+ Nc6 7. O-O Nge7 8.
d3 a6 9. Bc4 b5 10. Bb3 Na5 11. Nd2 Nxb3 12. Nxb3 Ng6 13. Bd2 O-O 14. c3 Nf4
15. Nc1 Qh4 16. f3 Be6 17. Be1 Qg5 18. Bd2 Qg6 19. a4 h5 20. Nce2 Nxd3 21. Qc2
c4 22. f4 Nxf4 23. Nxf4 exf4 24. Nf5 d3 25. Qc1 Bxf5 26. exf5 Qxf5 27. Bxf4
Bxf4 28. Rxf4 Qc5+ 29. Kf1 Rae8 30. Rf2 Re3 31. Qd2 Rfe8 32. Re1 Rxe1+ 33. Qxe1
Rxe1+ 0-1

[Event "20. Torneo San Viator 2013"]
[Site "Madrid ESP"]
[Date "2013.05.12"]
[Round "5.13"]
[White "Brasa Olmos, Joaquin"]
[Black "Sierra Soria, Maria"]
[Result "0-1"]
[WhiteElo "1542"]
[BlackElo "1864"]
[PlyCount "78"]
[EventDate "2013.04.07"]
[EventType "swiss"]
[EventRounds "9"]
[EventCountry "ESP"]
[Source "lmi"]
[SourceDate "2013.04.07"]

1. d4 f5 2. f4 Nf6 3. Nf3 b6 4. c4 Bb7 5. e3 e6 6. Qc2 Na6 7. a3 Be7 8. Be2 O-O
9. O-O Qe8 10. Nbd2 Qg6 11. Nh4 Qh6 12. Nhf3 Ng4 13. Qc3 Nb8 14. h3 Nf6 15. Ne5
d6 16. Bf3 Ne4 17. Nxe4 fxe4 18. Ng4 Qg6 19. Bd1 Nd7 20. Bc2 Nf6 21. Nf2 Nh5
22. Qd2 Ng3 23. Rd1 Qf5 24. Nh1 Nxh1 25. g4 Qf6 26. Kxh1 Qh6 27. Qg2 Rf7 28.
Bd2 Raf8 29. Rg1 g5 30. Raf1 gxf4 31. g5 Qh5 32. Rf2 fxe3 33. Rxf7 Rxf7 34.
Bxe3 Rf3 35. Qg4 Rxh3+ 36. Kg2 Qxg4+ 37. Kf1 Qf3+ 38. Bf2 e3 39. g6 Kg7 0-1

[Event "20. Torneo San Viator 2013"]
[Site "Madrid ESP"]
[Date "2013.05.12"]
[Round "5.14"]
[White "Uceda Martinez, Jacinto"]
[Black "Gutierrez Diaz, Pablo"]
[Result "0-1"]
[WhiteElo "1854"]
[BlackElo "1641"]
[PlyCount "114"]
[EventDate "2013.04.07"]
[EventType "swiss"]
[EventRounds "9"]
[EventCountry "ESP"]
[Source "lmi"]
[SourceDate "2013.04.07"]

1. e4 c5 2. Nc3 Nc6 3. f4 g6 4. Nf3 Bg7 5. Bc4 e6 6. d3 Nge7 7. a3 a6 8. O-O b5
9. Ba2 O-O 10. Qe1 d6 11. Bd2 Bd7 12. Qg3 Qc7 13. Rac1 Rab8 14. Nd1 a5 15. Bc3
b4 16. Bxg7 Kxg7 17. Qh4 Bc8 18. Nf2 h5 19. Ng5 Nd4 20. Rfe1 b3 21. cxb3 Nxb3
22. Bxb3 Rxb3 23. Rc2 Ba6 24. Rd1 Qb7 25. Rdd2 Nc6 26. Nf3 Ne7 27. Qg5 Qd7 28.
g4 f6 29. Qh4 Rh8 30. e5 Nd5 31. exf6+ Nxf6 32. Qg5 Nxg4 33. Nxg4 hxg4 34. Qxg4
Rxd3 35. Rg2 Qf7 36. Ng5 Qf5 37. Nxe6+ Kf6 38. Qxf5+ Kxf5 39. Nc7 Rd1+ 40. Kf2
Bb7 41. Ke2 Bxg2 42. Kxd1 Bf3+ 43. Kd2 Rxh2+ 44. Kc3 Rxc2+ 45. Kxc2 Kxf4 46.
Nb5 Ke5 47. Kd3 g5 48. Ke3 g4 49. Nc3 d5 50. Kf2 Kd4 51. Nb1 Kd3 52. Nc3 Kc2
53. Na4 c4 54. Ke3 Kb3 55. Nc5+ Kxb2 56. a4 Ka3 57. Kd4 Kb4 0-1

[Event "20. Torneo San Viator 2013"]
[Site "Madrid ESP"]
[Date "2013.05.12"]
[Round "5.15"]
[White "Cazorla Munoz, Francisco"]
[Black "Perez Carballeira, Francisco"]
[Result "1-0"]
[WhiteElo "1735"]
[BlackElo "1609"]
[PlyCount "125"]
[EventDate "2013.04.07"]
[EventType "swiss"]
[EventRounds "9"]
[EventCountry "ESP"]
[Source "lmi"]
[SourceDate "2013.04.07"]

1. Nf3 d5 2. d4 Bg4 3. Ne5 Bh5 4. c4 dxc4 5. Qa4+ Nd7 6. e4 e6 7. Qb5 Rb8 8.
Nxd7 Qxd7 9. Qxh5 Qxd4 10. Qb5+ c6 11. Qxc4 Qb6 12. Be2 Nf6 13. O-O Bd6 14. Nc3
O-O 15. b3 Rbd8 16. Na4 Qc7 17. Qc2 Bxh2+ 18. Kh1 Be5 19. Bb2 Bxb2 20. Nxb2 Qf4
21. Rad1 Nxe4 22. Bd3 Qh4+ 23. Kg1 Nf6 24. Be2 Nd5 25. Qc4 Qf6 26. Nd3 Nc3 27.
Rd2 Nb5 28. g3 Nd4 29. Kg2 Rd5 30. Nf4 Rd7 31. Rfd1 Rfd8 32. Nh5 Qe5 33. Nf4
Qf6 34. Nh3 h6 35. f4 e5 36. Ng1 exf4 37. Nf3 fxg3 38. Rxd4 Rxd4 39. Rxd4 Re8
40. Kxg3 h5 41. Rf4 Qe7 42. Kf2 Qe3+ 43. Kf1 Re7 44. Ng5 b5 45. Qd4 Qxe2+ 46.
Kg1 Qe1+ 47. Kg2 Re2+ 48. Rf2 Rxf2+ 49. Qxf2 Qe7 50. Qd2 Qf6 51. Qe3 g6 52. Nf3
Kg7 53. Qxa7 h4 54. Qd4 h3+ 55. Kxh3 g5 56. Kg4 Qxd4+ 57. Nxd4 Kg6 58. Nxc6 f5+
59. Kg3 Kh5 60. Ne5 f4+ 61. Kf3 Kh4 62. a4 bxa4 63. bxa4 1-0

[Event "20. Torneo San Viator 2013"]
[Site "Madrid ESP"]
[Date "2013.05.12"]
[Round "5.16"]
[White "Rottenwoher Suarez, Juan"]
[Black "Sierra Bermejo, Gregorio"]
[Result "0-1"]
[WhiteElo "1440"]
[BlackElo "1654"]
[PlyCount "80"]
[EventDate "2013.04.07"]
[EventType "swiss"]
[EventRounds "9"]
[EventCountry "ESP"]
[Source "lmi"]
[SourceDate "2013.04.07"]

1. c4 b6 2. Nf3 Bb7 3. g3 Bxf3 4. exf3 c5 5. Bg2 Nc6 6. Nc3 e6 7. O-O Nge7 8.
d3 g6 9. Bg5 Bg7 10. Qd2 h6 11. Be3 Rc8 12. Nb5 d5 13. Qc2 a6 14. Na3 Nb4 15.
Qb3 O-O 16. Nc2 Nbc6 17. f4 Na5 18. Qa3 dxc4 19. dxc4 Nxc4 20. Qxa6 Qd3 21. Na3
Nxb2 22. Qxd3 Nxd3 23. Rab1 Rb8 24. Nc4 b5 25. Ne5 Nxe5 26. fxe5 Rfc8 27. f4
Nd5 28. Bf2 Bf8 29. a3 c4 30. Rbd1 Rd8 31. Rxd5 exd5 32. Rd1 d4 33. Rxd4 Rxd4
34. Bxd4 Bxa3 35. Ba7 Rc8 36. Bh3 Rc7 37. Bb8 Rb7 38. Bd6 Bxd6 39. exd6 c3 40.
d7 Rb8 0-1

[Event "20. Torneo San Viator 2013"]
[Site "Madrid ESP"]
[Date "2013.05.12"]
[Round "5.17"]
[White "Enriquez Pastor, Jorge"]
[Black "Yaniz Lana, Francisco Javier"]
[Result "0-1"]
[WhiteElo "1398"]
[BlackElo "1653"]
[PlyCount "70"]
[EventDate "2013.04.07"]
[EventType "swiss"]
[EventRounds "9"]
[EventCountry "ESP"]
[Source "lmi"]
[SourceDate "2013.04.07"]

1. e4 c5 2. Nf3 d6 3. d4 Nf6 4. Nc3 cxd4 5. Nxd4 g6 6. Be3 Bg7 7. Bc4 O-O 8.
Qd2 Ng4 9. O-O-O Nxe3 10. Qxe3 Nc6 11. Nde2 a6 12. a3 b5 13. Bd5 Bd7 14. f4 Qc7
15. Rhf1 Rab8 16. Bxc6 Qxc6 17. Nd5 Rfe8 18. Nd4 Qb7 19. f5 e6 20. fxe6 fxe6
21. Nf6+ Bxf6 22. Rxf6 b4 23. Rdf1 bxa3 24. Qxa3 Qb6 25. Nf3 Bb5 26. Rd1 Kg7
27. Rf4 e5 28. Rxd6 Qb7 29. Rff6 Qxe4 30. Rfe6 Rbc8 31. c3 Qe3+ 32. Kc2 Rxe6
33. Rxe6 Bd3+ 34. Kd1 Qe2+ 35. Kc1 Qc2# 0-1

[Event "20. Torneo San Viator 2013"]
[Site "Madrid ESP"]
[Date "2013.05.12"]
[Round "5.18"]
[White "Lopez Benitez, David"]
[Black "Ramos Pinto, Jose Maria"]
[Result "0-1"]
[WhiteElo "1746"]
[BlackElo "1642"]
[PlyCount "136"]
[EventDate "2013.04.07"]
[EventType "swiss"]
[EventRounds "9"]
[EventCountry "ESP"]
[Source "lmi"]
[SourceDate "2013.04.07"]

1. Nf3 Nf6 2. g3 g6 3. Bg2 Bg7 4. O-O O-O 5. d3 d5 6. Nbd2 c5 7. c4 e6 8. Rb1
Nc6 9. a3 Qe7 10. b4 cxb4 11. axb4 Nxb4 12. Ba3 a5 13. Qb3 Bd7 14. Ne1 Rfc8 15.
Nc2 Bf8 16. Rb2 Qe8 17. Nxb4 axb4 18. Bxb4 Bc6 19. Bxf8 Qxf8 20. Rfb1 Ra3 21.
Qb4 Rca8 22. Qxf8+ Kxf8 23. c5 e5 24. h3 Rc3 25. Nb3 Ra4 26. Kf1 Nd7 27. Ke1
Nxc5 28. Kd2 d4 29. Bxc6 bxc6 30. f4 f6 31. Nxc5 Rxc5 32. Rb8+ Ke7 33. R1b7+
Kd6 34. Rd8+ Ke6 35. Re8+ Kf5 36. e4+ dxe3+ 37. Kxe3 exf4+ 38. gxf4 Rxf4 39.
Rxh7 Rc1 40. Rf8 Re1+ 41. Kd2 Re6 42. Ra8 c5 43. Ra5 Rc6 44. Ke3 Rb4 45. Kd2
Ke6 46. Raa7 Kf5 47. Ra5 Kg5 48. Kc3 Rf4 49. d4 Rf5 50. dxc5 Rfxc5+ 51. Rxc5+
Rxc5+ 52. Kd4 Re5 53. Rf7 Re1 54. Rh7 f5 55. Kd3 Kf6 56. h4 f4 57. h5 g5 58.
Rh8 Kg7 59. Ra8 Re6 60. Kd2 f3 61. Ra3 g4 62. Ra4 Re2+ 63. Kd3 Rg2 64. Ke3 f2
65. Ra1 Kh6 66. Rh1 g3 67. Rf1 Rg1 68. Ke2 Kxh5 0-1

[Event "20. Torneo San Viator 2013"]
[Site "Madrid ESP"]
[Date "2013.05.12"]
[Round "5.19"]
[White "Fernandez Garcia, Javier"]
[Black "Castro Uceda, Jose Antonio"]
[Result "1-0"]
[WhiteElo "2028"]
[BlackElo "1642"]
[PlyCount "33"]
[EventDate "2013.04.07"]
[EventType "swiss"]
[EventRounds "9"]
[EventCountry "ESP"]
[Source "lmi"]
[SourceDate "2013.04.07"]

1. d4 d5 2. Nf3 e6 3. e3 Nf6 4. Bd3 c5 5. b3 Nc6 6. O-O Bd6 7. Bb2 O-O 8. Nbd2
Re8 9. Ne5 Qc7 10. f4 a6 11. Nxc6 Qxc6 12. dxc5 Bxc5 13. Bxf6 Bxe3+ 14. Kh1
Bxd2 15. Bxh7+ Kxh7 16. Qh5+ Kg8 17. Qg5 1-0

[Event "20. Torneo San Viator 2013"]
[Site "Madrid ESP"]
[Date "2013.05.12"]
[Round "5.20"]
[White "Algaba Traspuesto, Jose Antonio"]
[Black "Linares Leyva, David"]
[Result "1-0"]
[WhiteElo "1638"]
[BlackElo "1904"]
[PlyCount "73"]
[EventDate "2013.04.07"]
[EventType "swiss"]
[EventRounds "9"]
[EventCountry "ESP"]
[Source "lmi"]
[SourceDate "2013.04.07"]

1. d4 d5 2. Bf4 Nf6 3. e3 Bg4 4. Nf3 e6 5. h3 Bh5 6. c4 c6 7. Nc3 Nbd7 8. cxd5
exd5 9. a3 Be7 10. Bd3 Rc8 11. b4 O-O 12. g4 Bg6 13. Ne2 a5 14. Ng3 axb4 15. g5
Ne4 16. h4 bxa3 17. Kf1 b5 18. h5 Nxg3+ 19. fxg3 Be4 20. g6 h6 21. Ke2 f5 22.
Rg1 Qa5 23. g4 fxg4 24. Bxe4 gxf3+ 25. Bxf3 Nf6 26. Qb3 Kh8 27. Bxh6 Ne4 28.
Bxe4 dxe4 29. Bxg7+ Kxg7 30. h6+ Kxh6 31. Rh1+ Kg7 32. Rh7+ Kxg6 33. Rxe7 Rf2+
34. Kxf2 Qd2+ 35. Kg3 Rf8 36. Qe6+ Rf6 37. Qg4+ 1-0

[Event "20. Torneo San Viator 2013"]
[Site "Madrid ESP"]
[Date "2013.05.12"]
[Round "5.21"]
[White "Rottenwoerer, Christoph"]
[Black "Tolosana Esteban, Enrique"]
[Result "0-1"]
[WhiteElo "1615"]
[BlackElo "1754"]
[PlyCount "80"]
[EventDate "2013.04.07"]
[EventType "swiss"]
[EventRounds "9"]
[EventCountry "ESP"]
[Source "lmi"]
[SourceDate "2013.04.07"]

1. c4 e5 2. g3 f5 3. d4 exd4 4. Qxd4 Nf6 5. Bg2 Bb4+ 6. Bd2 Qe7 7. Bxb4 Qxb4+
8. Qc3 Nc6 9. Bxc6 Qxc3+ 10. Nxc3 bxc6 11. Nf3 O-O 12. O-O Ne4 13. Rac1 Re8 14.
e3 Nf6 15. Rfd1 d6 16. Nd4 c5 17. Nde2 Bb7 18. Nf4 Bf3 19. Rd2 a6 20. Nfd5 Nxd5
21. Nxd5 Ra7 22. b3 a5 23. Nc3 g5 24. Nd5 Kf7 25. Nc3 Re6 26. Nb5 Rb7 27. Nc3
c6 28. Na4 Rbe7 29. Nc3 Rh6 30. Rb2 Ree6 31. Kf1 Rxh2 32. Ke1 Rxe3+ 33. fxe3
Rxb2 34. Rb1 Rg2 35. a3 h5 36. Kf1 h4 37. gxh4 gxh4 38. Ra1 h3 39. Nd1 h2 40.
Nf2 Rg1# 0-1

[Event "20. Torneo San Viator 2013"]
[Site "Madrid ESP"]
[Date "2013.05.12"]
[Round "5.23"]
[White "Moreno Zamora, Gregorio"]
[Black "Andres Rodriguez, Florencio"]
[Result "1-0"]
[WhiteElo "1725"]
[BlackElo "1575"]
[PlyCount "73"]
[EventDate "2013.04.07"]
[EventType "swiss"]
[EventRounds "9"]
[EventCountry "ESP"]
[Source "lmi"]
[SourceDate "2013.04.07"]

1. e4 c5 2. Nf3 d6 3. d4 cxd4 4. Nxd4 Nf6 5. Nc3 e6 6. Be3 Nbd7 7. Ndb5 a6 8.
Nxd6+ Bxd6 9. Qxd6 Qe7 10. Qxe7+ Kxe7 11. a4 Ne5 12. f3 Bd7 13. Bc5+ Ke8 14.
Be2 Rc8 15. Bd6 Nc6 16. Rd1 e5 17. O-O Na5 18. Bxe5 Nc4 19. Bxc4 Rxc4 20. Rd4
Rxd4 21. Bxd4 Nh5 22. Nd5 f6 23. g4 Bxa4 24. b3 Bc6 25. gxh5 Kf7 26. h6 Rg8 27.
hxg7 Rxg7+ 28. Kf2 Rg6 29. Nxf6 Rxf6 30. Bxf6 Kxf6 31. Ke3 b5 32. Rd1 Ke5 33.
f4+ Ke6 34. Kd4 Kf6 35. b4 Bd7 36. Kc5 Bg4 37. Rd6+ 1-0

[Event "20. Torneo San Viator 2013"]
[Site "Madrid ESP"]
[Date "2013.05.12"]
[Round "5.24"]
[White "Robles, Bryan"]
[Black "Centeno Mateos, Domingo"]
[Result "1-0"]
[WhiteElo "1708"]
[BlackElo "1557"]
[PlyCount "57"]
[EventDate "2013.04.07"]
[EventType "swiss"]
[EventRounds "9"]
[EventCountry "ESP"]
[Source "lmi"]
[SourceDate "2013.04.07"]

1. d4 Nf6 2. Nf3 e6 3. c4 c6 4. g3 d6 5. Bg2 Be7 6. O-O Nbd7 7. Nc3 O-O 8. Qc2
d5 9. e4 dxe4 10. Nxe4 Nxe4 11. Qxe4 Nf6 12. Qc2 Re8 13. Bf4 Bd6 14. Bg5 Be7
15. Rad1 Nd7 16. Bf4 Nb6 17. Rfe1 Bd7 18. Be5 f6 19. Bf4 Rc8 20. Qe2 Bb4 21.
Bd2 Bxd2 22. Nxd2 Qe7 23. Ne4 Rc7 24. c5 Nc8 25. b4 f5 26. Nd2 b5 27. Nf3 Qf8
28. Ne5 Ne7 29. Nxd7 1-0

[Event "20. Torneo San Viator 2013"]
[Site "Madrid ESP"]
[Date "2013.05.12"]
[Round "5.25"]
[White "Garcia Rojas, Juan Carlos"]
[Black "Perez Perez, Elena"]
[Result "0-1"]
[WhiteElo "1548"]
[BlackElo "1698"]
[PlyCount "100"]
[EventDate "2013.04.07"]
[EventType "swiss"]
[EventRounds "9"]
[EventCountry "ESP"]
[Source "lmi"]
[SourceDate "2013.04.07"]

1. e4 e5 2. Nf3 Nc6 3. b3 Bc5 4. Bb2 d6 5. Nc3 Nf6 6. Be2 a6 7. d3 h6 8. O-O
Be6 9. a3 Qd7 10. Na2 O-O 11. c3 Ba7 12. Qc2 Bg4 13. Rad1 Rfe8 14. h3 Bh5 15.
Nh2 Bxe2 16. Qxe2 Qe6 17. Qc2 Nh5 18. Bc1 Rad8 19. Rfe1 Na5 20. c4 Nc6 21. Nf3
Qf6 22. Nc3 Rd7 23. Nd5 Qe6 24. Be3 Bxe3 25. Nxe3 Nf4 26. Nf5 Qg6 27. Ng3 h5
28. Nh4 Qf6 29. Nf3 Nxh3+ 30. gxh3 Qxf3 31. Qe2 Nd4 32. Qf1 h4 33. Re3 Qf6 34.
Nf5 Nxf5 35. exf5 Qxf5 36. Re4 Qh5 37. Rde1 Rde7 38. d4 Re6 39. Qg2 f5 40. Rxe5
dxe5 41. Qd5 Qg6+ 42. Kh2 c6 43. Qf3 exd4 44. Rg1 Qf6 45. c5 Qe5+ 46. Kh1 Qe4
47. Qg2 Qxg2+ 48. Rxg2 Re1+ 49. Kh2 d3 50. f4 R1e2 0-1